1692 1534 1130 1481 1564 1865 1169 1001 1757 1136 1215 1454 1331 1701 1881 1580 1685 1069 1847 1321 1370 1686 1243 1598 1150 1847 1704 1976 1447 1717 1500 1901 1410 2000 1519 1668 1506 1429 1042 1749 1761 1559 1897 1499 1211 1672 1512 1896 1541 1178 1216 1950 1201 1472 1405 1436 1817 1630 1529 1057 1343 1451 1300 1777 1242 1901 1802 1180 1228 1246 1873 1799 1676 1402 1556 1944 1188 1754 1742 1329 1486 1442 1080 1291 1274 1943 1218 1836 1168 1097 1699 1623 1436 1375 1909 1161 1936 1683 1225 BCNSPRNW ULIB Ver.6.0+V

เปลี่ยนเป็นภาษาไทย

Change to English
 แสดงรายละเอียดบรรณานุกรม
  กลับหน้าหลัก

Brief Record : Get Marc (ISO 2709) : E-mail record : QR code < ปิดหน้าต่าง
LEADER : 00000nam 2200000uu 4500
001    13399112620
003     ULIB
008    110829s2553||||th 000 0 tha d
050  4 HQ759.2^bส229ว 2553
110 1  สภาสังคมสงเคราะห์แห่งประเทศไทย ในพระบรมราชูปถัมภ์
245 00 วันแม่แห่งชาติ 2553 /^cสภาสังคมสงเคราะห์แห่งประเทศไทย ในพระบรมราชูปถัมภ์
250    พิมพ์ครั้งที่ 1
260    กรุงเทพฯ :^bสภาสังคมสงเคราะห์แห่งประเทศไทย ในพระบรมราชูปถัมภ์,^c2553
300    688 หน้า :^bภาพประกอบสี
650  7 รางวัลแม่ดีเด่น
650  7 รางวัลลูกกตัญญู
650  7 วันแม่แห่งชาติ
945    ^p0^l0^i028743
945    ^p0^l0^i028744
995    ทศพร
999 ^a ทศพร
รายการนี้ยังไม่มีแท็ก
คุณยังไม่ได้ล็อกอิน คุณสามารถมีกิจกรรมร่วมกับเว็บไซต์ได้ แต่ต้องล็อกอินก่อน ::
  ล็อกอิน

รายการสื่อสารสนเทศ

ลำดับที่ ประเภท เลขเรียก/บาร์โค้ด สถานที่ สถานะ
- ไม่พบข้อมูล -

รายการใกล้เคียง
    หัวเรื่อง [รางวัลแม่ดีเด่น]
    หัวเรื่อง [รางวัลลูกกตัญญู]
    หัวเรื่อง [วันแม่แห่งชาติ]

BibComment


ยังไม่เคยถูกคอมเมนท์

คอมเมนท์ทรัพยากรรายการนี้
  คอมเมนท์: วันแม่แห่งชาติ 25..


 Copyright 2026. Bcnsprnw @Library